| 000 | 00964nam a2200265 a 4500 | ||
|---|---|---|---|
| 001 | 000015579 | ||
| 005 | 20240412074244.0 | ||
| 008 | 100215s1971 dr r 000 j spa d | ||
| 040 |
_aDO-SdBNP _bspa _cBNPHU |
||
| 082 |
_aRD863.42 _bT853n, 1971 |
||
| 100 | 1 |
_aTroncoso de la Concha, Manuel del Jesús, _d1878-1955 _935158 |
|
| 245 | 1 | 0 |
_aNarraciones dominicanas / _cM. de J. Troncoso de la Concha ; prólogo R. Emilio Jiménez. |
| 250 | _a6a ed. | ||
| 260 |
_aSanto Domingo : _bLibrería Hispaniola, _c1971. |
||
| 300 |
_a213 p. ; _c20 cm. |
||
| 490 | 1 | _aPensamiento dominicano | |
| 500 | _aIncluye notas al pie de las páginas | ||
| 590 | _aInventariado, 2019 / DG | ||
| 650 | 0 |
_aCuentos dominicanos _9176 |
|
| 650 | 0 |
_aLiteratura dominicana. _967 |
|
| 650 | 4 |
_aHistoria en la literatura _91300 |
|
| 700 | 1 | 2 |
_aJiménez, Ramón Emilio, _d1886-1970, _epról. _96521 |
| 830 | 0 |
_aPensamiento dominicano _919047 |
|
| 910 | _aValidado. Control de calidad. MMOLINA | ||
| 999 |
_c15134 _d15134 |
||